Hadronic electric dipole moments in R-parity violating supersymmetry; Physical Review D; Vol. 73, iss. 11

Xehetasun bibliografikoak
Parent link:Physical Review D: covering particles, fields, gravitation, and cosmology.— , 1958-
Vol. 73, iss. 11.— 2006.— [114023, 5 p.]
Beste egile batzuk: Faessler A., Gutsche Th., Kovalenko S., Lyubovitskiy (Lyubovitskij) V. E. Valery Efimovich
Gaia:Title screen
Режим доступа: по договору с организацией-держателем ресурса
Hizkuntza:ingelesa
Argitaratua: 2006
Gaiak:
Sarrera elektronikoa:https://doi.org/10.1103/PhysRevD.73.114023
Formatua: Baliabide elektronikoa Liburu kapitulua
KOHA link:https://koha.lib.tpu.ru/cgi-bin/koha/opac-detail.pl?biblionumber=657344

MARC

LEADER 00000naa0a2200000 4500
001 657344
005 20251105140505.0
035 |a (RuTPU)RU\TPU\network\23846 
035 |a RU\TPU\network\23825 
090 |a 657344 
100 |a 20180124d2006 k||y0engy50 ba 
101 0 |a eng 
102 |a US 
135 |a drcn ---uucaa 
181 0 |a i  
182 0 |a b 
200 1 |a Hadronic electric dipole moments in R-parity violating supersymmetry  |f A. Faessler [et al.] 
203 |a Text  |c electronic 
300 |a Title screen 
320 |a [References: 24 tit.] 
333 |a Режим доступа: по договору с организацией-держателем ресурса 
461 |t Physical Review D  |o covering particles, fields, gravitation, and cosmology  |o Scientific Journal  |d 1958- 
463 |t Vol. 73, iss. 11  |v [114023, 5 p.]  |d 2006 
610 1 |a электронный ресурс 
610 1 |a труды учёных ТПУ 
610 1 |a ядерная физика 
701 1 |a Faessler  |b A. 
701 1 |a Gutsche  |b Th. 
701 1 |a Kovalenko  |b S. 
701 1 |a Lyubovitskiy (Lyubovitskij)  |b V. E.  |c physicist  |c Professor of Tomsk Polytechnic University, Doctor of physical and mathematical sciences, Professor of the University of Tubingen (Germany)  |f 1963-  |g Valery Efimovich  |3 (RuTPU)RU\TPU\pers\33385  |9 17080 
801 2 |a RU  |b 63413507  |c 20180124  |g RCR 
856 4 |u https://doi.org/10.1103/PhysRevD.73.114023 
942 |c CF